The statesman's year-book world gazetteer / (Record no. 134128)
[ view plain ]
| 000 -LEADER | |
|---|---|
| fixed length control field | 00614nam a22002177a 4500 |
| 005 - DATE AND TIME OF LATEST TRANSACTION | |
| control field | 20170124110221.0 |
| 010 ## - LIBRARY OF CONGRESS CONTROL NUMBER | |
| LC control number | 785953 |
| 020 ## - INTERNATIONAL STANDARD BOOK NUMBER | |
| Terms of availability | 00.00 |
| International Standard Book Number | 333133595 |
| 035 ## - SYSTEM CONTROL NUMBER | |
| System control number | 785953 |
| 037 ## - SOURCE OF ACQUISITION | |
| Source of stock number/acquisition | Cen Lib/Ret |
| 040 ## - CATALOGING SOURCE | |
| Original cataloging agency | DPL |
| Language of cataloging | EN |
| 082 ## - DEWEY DECIMAL CLASSIFICATION NUMBER | |
| Classification number | 910.3 |
| Item number | PAX |
| 100 ## - MAIN ENTRY--PERSONAL NAME | |
| Personal name | Paxton, John |
| 9 (RLIN) | 39866 |
| 245 ## - TITLE STATEMENT | |
| Title | The statesman's year-book world gazetteer / |
| Statement of responsibility, etc | by John Paxton |
| 260 ## - PUBLICATION, DISTRIBUTION, ETC. (IMPRINT) | |
| Place of publication, distribution, etc | London |
| Name of publisher, distributor, etc | The macmillan press |
| Date of publication, distribution, etc | 1975 |
| 270 ## - ADDRESS | |
| City | London |
| 300 ## - PHYSICAL DESCRIPTION | |
| Extent | xiii,732p.: |
| Dimensions | 23cm(Hb) |
| Other physical details | ill. |
| Accompanying material | maps |
| 500 ## - GENERAL NOTE | |
| General note | |
| 650 ## - SUBJECT ADDED ENTRY--TOPICAL TERM | |
| Topical term or geographic name as entry element | References year-book |
| Form subdivision | Gazetteer |
| 9 (RLIN) | 39867 |
| 942 ## - ADDED ENTRY ELEMENTS (KOHA) | |
| Source of classification or shelving scheme | Dewey Decimal Classification |
| Koha item type | English Books |
| Classification part | 910.3 |
| Call number suffix | PAX |
| Withdrawn status | Lost status | Source of classification or shelving scheme | Damaged status | Not for loan | Collection code | Home library | Current library | Date acquired | Source of acquisition | Cost, normal purchase price | Total Checkouts | Full call number | Barcode | Date last seen | Copy number | Cost, replacement price | Price effective from | Koha item type | Public note |
|---|---|---|---|---|---|---|---|---|---|---|---|---|---|---|---|---|---|---|---|
| Written off | Dewey Decimal Classification | Non-fiction | Central Library | Central Library | 29/07/2015 | Cen Lib/Ret | 0.00 | 910.3 PAX | 785953 | 29/07/2015 | 1 | 0.00 | 29/07/2015 | English Books | W/d List No. 8130/9; dtd 18.2.2017 |
